Kontekstwalisadong komunikasyon sa Filipino : alinsunod sa CMO 57, serye ng 2017 at silabus ng bagong asignaturang Filipino sa kolehiyo na inihanda ng tanggol wika / (Record no. 82662)

MARC details
000 -LEADER
fixed length control field 00704nam a22001937a 4500
003 - CONTROL NUMBER IDENTIFIER
control field URS
005 - DATE AND TIME OF LATEST TRANSACTION
control field 20250424200607.0
008 - FIXED-LENGTH DATA ELEMENTS--GENERAL INFORMATION
fixed length control field 250129b |||||||| |||| 00| 0 eng d
020 ## - INTERNATIONAL STANDARD BOOK NUMBER
International Standard Book Number 9789719655138
040 ## - CATALOGING SOURCE
Transcribing agency URS
050 ## - LIBRARY OF CONGRESS CALL NUMBER
Classification number FIL PL 6054 .M325 2023
100 ## - MAIN ENTRY--PERSONAL NAME
Relator code author
Personal name Maranan, Mario H.
245 ## - TITLE STATEMENT
Title Kontekstwalisadong komunikasyon sa Filipino : alinsunod sa CMO 57, serye ng 2017 at silabus ng bagong asignaturang Filipino sa kolehiyo na inihanda ng tanggol wika /
Statement of responsibility, etc. Mario H. Maranan
260 ## - PUBLICATION, DISTRIBUTION, ETC.
Place of publication, distribution, etc. Manila, Philippines ; Mindshapers, 2023
300 ## - PHYSICAL DESCRIPTION
Extent viii, 186 p ; 30 cm
504 ## - BIBLIOGRAPHY, ETC. NOTE
Bibliography, etc. note Includes bibliography.
650 ## - SUBJECT ADDED ENTRY--TOPICAL TERM
Topical term or geographic name entry element Filipino language -- Study and teaching (Higher)
942 ## - ADDED ENTRY ELEMENTS (KOHA)
Source of classification or shelving scheme Library of Congress Classification
Koha item type Filipiniana
Holdings
Withdrawn status Source of classification or shelving scheme Damaged status Not for loan Home library Current library Date acquired Source of acquisition Total Checkouts Full call number Barcode Date last seen Price effective from Koha item type
  Library of Congress Classification     Angono College Library Angono College Library 12/12/2024 Library Fund   FIL PL 6054 .M325 2023 c1 URSANG-7564 04/24/2025 04/24/2025 Filipiniana
  Library of Congress Classification     Angono College Library Angono College Library 12/12/2024 Library Fund   FIL PL 6054 .M325 2023 c2 URSANG-7565 04/24/2025 04/24/2025 Filipiniana

University of Rizal System
Email us at univlibservices@urs.edu.ph

Visit our Website www.urs.edu.ph/library